01007nam a2200241 i 450000100060000000300090000600500170001500700030003200800410003502000180007610000480009424501910014224600490033324600240038226000430040630000220044949000430047170000390051483000510055385200220060499900170062695201220064369900ES-MaACL20250223234432.0t|040713s1981 sp |||| | spa d a84-206-6103-11 aGarcía Lorca, Federico,d1898-193695485310aDiván del Tamarit (1931-1935) b; Llanto por Ignacio Sánchez Mejías (1934) ; Sonetos (1924-1936) / cFederico García Lorca ; edición, introducción y notas, Mario Hernández.3 aLlanto por Ignacio Sánchez Mejías (1934)3 aSonetos (1924-1936) aMadrid : bAlianza Editorial, c[1981] a199 p. ; c18 cm.1 aObras de Federico García Lorca ; v31 aHernández, Mario,d1945-91513311 aObras de Federico García Lorca ; v39183288 aES-MaACLjL-10904 c69900d69900 00104070aATENEOMbATENEOMcDEPO2d2008-01-17eSCl0oL-10904p1073195r2023-02-23 00:00:00w2023-02-23yMONOGRAFIA